| 000 | 00477nam a2200181Ia 4500 | ||
|---|---|---|---|
| 008 | 131103s9999 xx 000 0 und d | ||
| 020 | _cRs.11.00 | ||
| 040 | _aLoreto College | ||
| 041 | _aEnglish | ||
| 082 |
_aCHBK- _b1/BIN LCBED/10382 |
||
| 100 | _aSinha, Sarojini | ||
| 245 | 4 |
_aThe treasure box _cSarojini Sinha |
|
| 260 |
_aNew Delhi _bChildren Book Trust _c1982 |
||
| 300 |
_a135p. _b ill. _c 21cm. |
||
| 650 | _aCHBK- 1 | ||
| 850 | _aLCBED/CHBK- 1/BIN | ||
| 942 | _cBK | ||
| 999 |
_c31075 _d81554 |
||